000 00621nam a2200229Ia 4500
003 OSt
005 20220923230712.0
006 a|||||r|||| 00| 0
007 ta
008 Pun
024 _a304,856
037 _cTextual
040 _aARTS
_cARTS
_bPun
041 _2Pun
_aPun
082 _aV2:2501.N5, 153L2
100 _aਸਿਰਦਾਰ ਕਪੂਹ ਸਿੰਘ
245 0 _aਸਾਚੀ ਸਾਥੀ
260 _c1972
650 _aਭਾਰਤੀਯ ਇਤਿਹਾਸ
942 _hV2:2501.N5, 153L2
_cTEXL
_2CC
999 _c386663
_d386663